[Event "Manizales Feria op 29th"]
[Site "Manizales"]
[Date "2024.01.08"]
[Round "7"]
[White "Osorio R, Juan Esteban"]
[Black "Cardona Garces, Sofia Marieth"]
[Result "0-1"]
[WhiteElo "1500"]
[BlackElo "1258"]
[PlyCount "72"]
[EventDate "2024.01.05"]
[EventType "swiss"]
[EventRounds "7"]
[EventCountry "COL"]
[SourceTitle "CB02_2024"]
[SourceDate "2024.01.10"]
[SourceVersion "1"]
[SourceVersionDate "2024.01.10"]
[SourceQuality "1"]

1. e4 e5 2. Nf3 Nc6 3. Bd3 Nf6 4. 0-0 Bd6 5. Nc3 0-0 6. b3 h6 7. a4 Re8 8. Bc4 a6 9. Re1 Nd4 10. Ng5 hxg5 11. a5 b5 12. Bd3 Bb4 13. Nb1 c6 14. c3 Bxa5 15. cxd4 exd4 16. e5 Nd5 17. g3 Bb6 18. Bc2 g6 19. e6 Rxe6 20. Na3 Qe8 21. Rf1 b4 22. Nc4 Bb7 23. Nxb6 Nxb6 24. d3 d6 25. Bxg5 c5 26. Qg4 Qc6 27. f3 f5 28. Qh3 Rf8 29. Bh6 Rfe8 30. Bd2 Re2 31. Rad1 Nd7 32. Bg5 Ne5 33. Be3 Nxf3+ 34. Rxf3 Kf7 35. Rdf1 Rxc2 36. Bh6 Ree2 0-1